000 01030nam a22002417a 4500
999 _c5175
_d5175
003 AR-CdUCM
008 190312b ||||| |||| 00| 0 spa d
040 _aMUNICIPALIDAD PROVINCIAL DEL CUSCO
_cBIBLIOTECA MUNICIPAL DEL CUSCO
082 _a325.251 /
_bS79
100 _aStewart, Watt
_915710
245 _aLa servidumbre china en el Perú :
_buna historia de los culíes chinos en el Perú, 1849 -1874 /
260 _aLima :
_bMosca Azul Editores,
_c1976.
300 _a182 paginas ;
_c20 cm.
440 _aLa servidumbre China
_915711
500 _atitulo original: Chinese bondage in Perú: a history of the chinese coolie in Perú, 1849-1874.
505 _aAmbiente primer periodo -- El trafico de culíes en Macao -- La travesía del pacifico -- Llegada al Callao: distribución -- La vida del "colono" chino en el Perú ...
650 _aCondiciones económicas
_91989
650 _aSiglo XIX
_9971
650 _aChina y Perú
_915712
700 _aJuilland, Ana María
_915713
942 _2ddc
_cLIBROS
945 _aacv